00429 2200181 4500001002100000005001500021008004100036020001800077035001900095041000700114082000800121090001600129100001700145245001900162260002800181300001800209650002000227INLIS00000000001628720241224115109241224||||||||| | ||| |||| || |  a979-752-605-4 0010-1224016287 aid0 a612 a612.8 REN h0 aRenny Yuniar00aHidungku Sehat aBandungbDARMizanc2008 a33hlm;20x20cm 0aIlmu Kedokteran